| 000 | 01649cam a2200397 a 4500 | ||
|---|---|---|---|
| 001 | 111361 | ||
| 005 | 20230410120753.0 | ||
| 008 | 100830s2011 nyu b 001 0 eng | ||
| 035 | _a16439102 | ||
| 925 | 0 |
_aacquire _b2 shelf copies _xpolicy default |
|
| 942 |
_2lcc _cbk |
||
| 010 | _a 2010037293 | ||
| 020 | _a9781441148919 (hardcover : alk. paper) | ||
| 020 | _a1441148914 (hardcover : alk. paper) | ||
| 020 | _a9781441118929 (pbk. : alk. paper) | ||
| 020 | _a1441118926 (pbk. : alk. paper) | ||
| 035 | _a(OCoLC)ocn660088866 | ||
| 040 |
_aDLC _cDLC _dYDX _dYDXCP _dBWX _dCDX _dDLC |
||
| 043 | _an-us--- | ||
| 050 | 1 | 4 |
_aHV 6432.7 _bR683b 2011 |
| 082 | 0 | 0 | _a363.3250973 |
| 100 | 1 |
_aRockmore, Tom, _d1942- |
|
| 245 | 1 | 0 |
_aBefore and after 9/11 : _ba philosophical examination of globalization, terror, and history / _cby Tom Rockmore. |
| 260 |
_aNew York : _bContinuum, _c2011. |
||
| 300 |
_axv, 176 p. ; _c23 cm. |
||
| 504 | _aIncludes bibliographical references and index. | ||
| 505 | 0 | _aBush's religious interpretation of terrrorism -- Huntington's political-scientific analysis of the clash of civilizations (or cultures) -- Lewis's historical account of religious difference -- Models of historical knowledge -- Economics, globalization, and history -- Globalization and terrorism : modernity or jihad? -- Economic globalization and empire. | |
| 650 | 0 | _aSeptember 11 Terrorist Attacks, 2001. | |
| 650 | 0 | _aTerrorism. | |
| 650 | 0 | _aGlobalization. | |
| 650 | 0 | _aIslam and world politics. | |
| 650 | 0 |
_aIslam _y21st century. |
|
| 650 | 4 | _aSeptiembre 11 Ataque terrorista, 2001. | |
| 650 | 4 | _aTerrorismo. | |
| 946 | _aYSL | ||
| 999 |
_c51522 _d51522 |
||